Catálogo

SQL for data analytics : (Registro nro. 5075)

Detalles MARC
000 -LEADER
fixed length control field 01559cam a2200373 i 4500
001 - CONTROL NUMBER
control field 5075
003 - CONTROL NUMBER IDENTIFIER
control field Mx-PuUPA
005 - DATE AND TIME OF LATEST TRANSACTION
control field 20260324112019.0
008 - FIXED-LENGTH DATA ELEMENTS--GENERAL INFORMATION
fixed length control field 140415s2025 uk ad fr 000 0 spa d
020 ## - INTERNATIONAL STANDARD BOOK NUMBER
International Standard Book Number 9781836646259
040 ## - CATALOGING SOURCE
Transcribing agency Mx-PuUPA
Original cataloging agency Mx-PuUPA
Language of cataloging spa
Modifying agency Mx-PuUPA
Description conventions rda
041 0# - LANGUAGE CODE
Language code of text/sound track or separate title eng
100 1# - MAIN ENTRY--PERSONAL NAME
Personal name Shan, Jun,
Relator term autor
9 (RLIN) 17928
245 10 - TITLE STATEMENT
Title SQL for data analytics :
Remainder of title analyze data effectively, uncover insights and master advanced SQL for real-world applications /
Statement of responsibility, etc. Jun Shan, Haibin Li, Matt Goldwasser, Upom Malik, Bejamin Johnston
250 ## - EDITION STATEMENT
Edition statement Fourth edition /
Remainder of edition statement november
264 #1 - PRODUCTION, PUBLICATION, DISTRIBUTION, MANUFACTURE, AND COPYRIGHT NOTICE
Place of production, publication, distribution, manufacture Birmingham, UK :
Name of producer, publisher, distributor, manufacturer Packt Publishing,
Date of production, publication, distribution, manufacture, or copyright notice ©2025
300 ## - PHYSICAL DESCRIPTION
Extent xxv, 308 páginas :
Other physical details ilustraciones, gráficas, tablas ;
Dimensions 24 cm
336 ## - CONTENT TYPE
Fuente rdacontent
Content type term texto
Content type code txt
337 ## - MEDIA TYPE
Source rdamedia
Media type term sin medio
Media type code n
338 ## - CARRIER TYPE
Source rdacarrier
Carrier type term volumen
Carrier type code nc
650 #7 - SUBJECT ADDED ENTRY--TOPICAL TERM
Source of heading or term armarc
Topical term or geographic name entry element Minería de datos
650 #7 - SUBJECT ADDED ENTRY--TOPICAL TERM
Source of heading or term armarc
Topical term or geographic name entry element Exploración de datos (Informática)
650 #7 - SUBJECT ADDED ENTRY--TOPICAL TERM
Source of heading or term armarc
Topical term or geographic name entry element SQL (Lenguaje de programación)
650 #7 - SUBJECT ADDED ENTRY--TOPICAL TERM
Source of heading or term armarc
Topical term or geographic name entry element Procesamiento electrónico de datos
700 1# - ADDED ENTRY--PERSONAL NAME
Personal name Li, Haibin,
Relator term autor
700 1# - ADDED ENTRY--PERSONAL NAME
Personal name Goldwasser, Matt,
Relator term autor
700 1# - ADDED ENTRY--PERSONAL NAME
Personal name Malik, Upom,
Relator term autor
9 (RLIN) 11530
700 1# - ADDED ENTRY--PERSONAL NAME
Personal name Johnston, Bejamin,
Relator term autor
942 ## - ADDED ENTRY ELEMENTS (KOHA)
Source of classification or shelving scheme Dewey Decimal Classification
Koha item type Libro
Classification part 005.7565
Item part S52
Existencias
Withdrawn status Lost status Source of classification or shelving scheme Damaged status Not for loan Collection code Home library Current library Shelving location Date acquired Source of acquisition Cost, normal purchase price Total Checkouts Full call number Barcode Date last seen Cost, replacement price Price effective from Koha item type
    Dewey Decimal Classification     General Biblioteca Karol Wojtyla Biblioteca Karol Wojtyla Sala general 17/03/2026 2 1148.55   005.7565 S52 2025 106340 07/04/2026 1148.55 17/03/2026 Libro